| 000 | 00604nam a22002177a 4500 | ||
|---|---|---|---|
| 003 | OSt | ||
| 005 | 20140310181802.0 | ||
| 008 | 130703t xxu||||| |||| 00| 0 eng d | ||
| 020 | _a9788178626833 | ||
| 050 |
_aQP 121 _b.R434 200_ |
||
| 082 |
_aREF 612.222 _bR31 200 |
||
| 245 |
_aInvisible World : _bthe respiratory system / |
||
| 260 |
_aNew Delhi : _bSterling Press. |
||
| 300 |
_a31 p. : _bill. col. ; _c29 cm. : |
||
| 520 | _a1. Respiratory organs--Juvenile Literature | ||
| 521 | _aBasic ed. students | ||
| 541 | _j1 | ||
| 541 | _j2 | ||
| 562 | _e2 | ||
| 942 |
_2lcc _cBK-GR _kREF |
||
| 999 |
_c3653 _d3653 |
||